| 000 | 01118cam a22003011a 4500 | ||
|---|---|---|---|
| 001 | 000012214 | ||
| 005 | 20250509140829.0 | ||
| 008 | 890928s1970 ve c b 000 0 spa | ||
| 010 | _a70874230 | ||
| 035 | _a(OCoLC)20407289 | ||
| 040 |
_aDO-SdBNP _cTxKT _dDLC |
||
| 041 | 1 |
_aspa _hita |
|
| 043 | _as-ve--- | ||
| 082 |
_a371.33 _bB175c |
||
| 100 | 1 |
_aBaldelli, Pio. _928846 |
|
| 240 | 1 | 0 |
_aComunicazione audiovisiva e educazione. _lSpanish. _f1970 |
| 245 | 1 | 0 |
_aComunicación audiovisual y educación / _cPio Baldelli ; traducción: Ambretta Marrosu. |
| 260 |
_a[Caracas] : _bEdiciones de la Biblioteca, Universidad Central de Venezuela, _c1970. |
||
| 300 |
_a249 p. : _b4 leaves of plates, ports. ; _c21 cm. |
||
| 490 | 1 |
_aTemas _v30 |
|
| 500 | _aTranslation of Comunicazione audiovisiva e educazione. | ||
| 504 | _aIncludes bibliographical references. | ||
| 650 | 4 |
_aEnseñanza audiovisual _zVenezuela _928847 |
|
| 650 | 0 |
_aTecnología educativa _918772 |
|
| 830 | 0 |
_aTemas (Universidad Central de Venezuela. Ediciones de la Biblioteca) ; _v30. _928848 |
|
| 910 | _aCatalogación derivada | ||
| 049 | _aBNGR | ||
| 999 |
_c11879 _d11879 |
||